Normal view
MARC view
- E-Cmmerce and information- Technology in hospitality and Tourism
Entry Topical Term
001 - CONTROL NUMBER
- control field: 504
003 - CONTROL NUMBER IDENTIFIER
- control field: JO-AjAnu
005 - DATE AND TIME OF LATEST TRANSACTION
- control field: 20230606070404.0
008 - FIXED-LENGTH DATA ELEMENTS
- fixed length control field: 230606|| aca||aabn | a|a d
040 ## - CATALOGING SOURCE
- Original cataloging agency: JO-AjAnu
- Transcribing agency: JO-AjAnu
150 ## - HEADING--TOPICAL TERM
- Topical term or geographic name entry element: E-Cmmerce and information- Technology in hospitality and Tourism
670 ## - SOURCE DATA FOUND
- Source citation: Work cat.: (JO-AjAnu)268: Zhou, Zongqing , author 503, E-Cmmerce and information Technology in hospitality and Tourism